[Event "Lille Luce op 7th"]
[Site "Lille"]
[Date "2016.04.12"]
[Round "5"]
[White "Maloberti, David"]
[Black "Pourrahnama, Amir"]
[Result "1-0"]
[WhiteElo "2041"]
[BlackElo "1753"]
[PlyCount "71"]
[EventDate "2016.04.09"]
[EventType "swiss"]
[EventRounds "7"]
[EventCountry "FRA"]
[SourceTitle "CBM 171 Extra"]
[Source "ChessBase"]
[SourceDate "2016.04.26"]
[SourceVersion "1"]
[SourceVersionDate "2016.04.26"]
[SourceQuality "1"]

1. d4 d6 2. c4 Nd7 3. e4 g6 4. Be3 Bg7 5. Nc3 e5 6. d5 Ne7 7. g4 Nf6 8. f3 h6 9. Qd2 g5 10. h4 gxh4 11. Rxh4 Ng6 12. Rh2 Bd7 13. 0-0-0 h5 14. g5 Ng8 15. Kb1 f5 16. gxf6 Bxf6 17. Nh3 Qe7 18. Rc1 b6 19. Nb5 Kd8 20. b4 a6 21. Na3 Rb8 22. Ka1 Nf4 23. c5 bxc5 24. bxc5 Nxd5 25. Qxd5 Be6 26. cxd6 cxd6 27. Qc6 Qd7 28. Ng5 Qxc6 29. Rxc6 Kd7 30. Rhc2 Bxg5 31. Bxg5 h4 32. Rc7+ Ke8 33. Nc4 Bxc4 34. Bxc4 h3 35. Be6 h2 36. Rc8+ 1-0

[Event "Lille Luce op 7th"]
[Site "Lille"]
[Date "2016.04.11"]
[Round "3"]
[White "Bannink, Bernard"]
[Black "Pourrahnama, Amir"]
[Result "1-0"]
[WhiteElo "2228"]
[BlackElo "1753"]
[PlyCount "75"]
[EventDate "2016.04.09"]
[EventType "swiss"]
[EventRounds "7"]
[EventCountry "FRA"]
[SourceTitle "CBM 171 Extra"]
[Source "ChessBase"]
[SourceDate "2016.04.26"]
[SourceVersion "1"]
[SourceVersionDate "2016.04.26"]
[SourceQuality "1"]

1. d4 d5 2. Nf3 Nf6 3. e3 e6 4. Bd3 c5 5. b3 Nc6 6. 0-0 Qc7 7. a3 Bd6 8. Bb2 cxd4 9. exd4 0-0 10. Re1 b6 11. Nbd2 Bb7 12. Ne5 Nd7 13. g3 Nf6 14. h4 Nd7 15. f4 Ncxe5 16. fxe5 Be7 17. Qg4 Bc8 18. Rac1 f5 19. Qf4 Qd8 20. Re2 g5 21. hxg5 Bxg5 22. Qf3 Rf7 23. Rf1 Nf8 24. Rg2 Ng6 25. Qe2 Bxd2 26. Qxd2 Qe7 27. Bc1 Bb7 28. Qh6 Qf8 29. Qh5 Rc8 30. g4 Rcc7 31. gxf5 exf5 32. e6 Rf6 33. Rxf5 Rxf5 34. Bxf5 Qf6 35. Qg4 Kh8 36. Bg5 Qg7 37. Bxg6 hxg6 38. Rf2 1-0

[Event "Lille Luce op 6th"]
[Site "Lille"]
[Date "2015.05.08"]
[Round "7"]
[White "Rosenauer, Horst"]
[Black "Pourrahnama, Amir"]
[Result "1-0"]
[WhiteElo "1966"]
[BlackElo "1815"]
[PlyCount "131"]
[EventDate "2015.05.04"]
[EventType "swiss"]
[EventRounds "9"]
[EventCountry "FRA"]
[SourceTitle "EXT 2017"]
[Source "ChessBase"]
[SourceDate "2016.10.25"]
[SourceVersion "1"]
[SourceVersionDate "2016.10.25"]
[SourceQuality "1"]

1. e4 g6 2. d4 Bg7 3. Be3 d6 4. Bd3 c6 5. c3 Nf6 6. h3 Qc7 7. Nf3 Nbd7 8. Na3 b5 9. Qd2 h6 10. 0-0 Bb7 11. Rfe1 a6 12. Rac1 c5 13. Bf4 c4 14. Bb1 Rd8 15. d5 Nh5 16. Be3 Ne5 17. Nd4 Nf6 18. Rf1 Ned7 19. b4 Nf8 20. Rcd1 e5 21. Ne2 Bc8 22. f4 exf4 23. Nxf4 g5 24. Ne2 Ng6 25. Ng3 0-0 26. Bd4 Ne5 27. Nf5 Ne8 28. Nxg7 Nxg7 29. Qf2 f5 30. Bb6 Qe7 31. Bxd8 Qxd8 32. exf5 Nxf5 33. Bxf5 Bxf5 34. Nc2 g4 35. Nd4 Bd3 36. Qxf8+ Qxf8 37. Rxf8+ Kxf8 38. Nc6 gxh3 39. Nxe5 dxe5 40. gxh3 Ke7 41. Kf2 Kd6 42. Ke3 Kxd5 43. h4 Ke6 44. Rg1 Kf7 45. a3 Bf5 46. Rg3 Bg6 47. Rg2 Bf5 48. Ra2 Bd7 49. Rd2 Ke6 50. Rg2 Kf7 51. h5 Bf5 52. Rg1 Bd3 53. Rg2 Bf5 54. Kf3 Bd3 55. Ra2 Kf6 56. Kg4 Bf5+ 57. Kh4 Bd7 58. Rd2 Ke6 59. Rg2 e4 60. Rg6+ Kf5 61. Kg3 Be6 62. Rxh6 Bd5 63. Rd6 Bg8 64. Rxa6 Kg5 65. h6 Bh7 66. Rb6 1-0

[Event "Lille Luce op 6th"]
[Site "Lille"]
[Date "2015.05.07"]
[Round "5"]
[White "Farrington, Edward"]
[Black "Pourrahnama, Amir"]
[Result "0-1"]
[WhiteElo "2024"]
[BlackElo "1815"]
[PlyCount "70"]
[EventDate "2015.05.04"]
[EventType "swiss"]
[EventRounds "9"]
[EventCountry "FRA"]
[SourceTitle "EXT 2017"]
[Source "ChessBase"]
[SourceDate "2016.10.25"]
[SourceVersion "1"]
[SourceVersionDate "2016.10.25"]
[SourceQuality "1"]

1. e4 d6 2. Nc3 e5 3. f4 exf4 4. Nf3 Be7 5. Bc4 Bh4+ 6. g3 fxg3 7. 0-0 gxh2+ 8. Kh1 Be6 9. Bxe6 fxe6 10. Nd4 Qe7 11. Qg4 Nh6 12. Qh5+ Nf7 13. d3 Bf6 14. Be3 Nc6 15. Nf3 0-0-0 16. Qb5 a6 17. Qa4 g5 18. Qa3 g4 19. Nd2 g3 20. b4 Rdg8 21. Kg2 h5 22. b5 axb5 23. Nxb5 Bxa1 24. Qa8+ Kd7 25. Qxb7 Rc8 26. Bb6 Nfd8 27. Qa6 cxb6 28. Nc4 Bd4 29. Nxd4 Nxd4 30. Nxb6+ Ke8 31. Nxc8 Qc7 32. Nxd6+ Kd7 33. Nc4 h4 34. Nb6+ Ke8 35. Nc4 h3+ 0-1

[Event "Lille Luce op 6th"]
[Site "Lille"]
[Date "2015.05.05"]
[Round "2"]
[White "Pourrahnama, Amir"]
[Black "Mokal, Amruta Sunil"]
[Result "0-1"]
[WhiteElo "1815"]
[BlackElo "2130"]
[PlyCount "48"]
[EventDate "2015.05.04"]
[EventType "swiss"]
[EventRounds "9"]
[EventCountry "FRA"]
[SourceTitle "EXT 2017"]
[Source "ChessBase"]
[SourceDate "2016.10.25"]
[SourceVersion "1"]
[SourceVersionDate "2016.10.25"]
[SourceQuality "1"]

1. d4 Nf6 2. c4 e6 3. Nc3 Bb4 4. Qc2 c5 5. dxc5 Bxc5 6. e3 Nc6 7. Nf3 d5 8. cxd5 exd5 9. Bd2 0-0 10. Na4 Bd6 11. Nc3 Bg4 12. Be2 Rc8 13. Qa4 Bb8 14. Rd1 a6 15. b4 Qe7 16. b5 axb5 17. Nxb5 Ne4 18. Bc1 Rfd8 19. Bb2 Ne5 20. Ba3 Qf6 21. Qd4 Bxf3 22. gxf3 Nxf3+ 23. Bxf3 Qxf3 24. Rf1 Rc2 0-1

[Event "Lille Luce op 5th"]
[Site "Lille"]
[Date "2014.05.02"]
[Round "6"]
[White "Pourrahnama, Amir"]
[Black "Laine, Panu"]
[Result "0-1"]
[WhiteElo "1848"]
[BlackElo "2177"]
[PlyCount "58"]
[EventDate "2014.04.28"]
[EventType "swiss"]
[EventRounds "9"]
[EventCountry "FRA"]
[SourceTitle "CBM 160 Extra"]
[Source "ChessBase"]
[SourceDate "2014.07.01"]
[SourceVersion "1"]
[SourceVersionDate "2014.07.01"]
[SourceQuality "1"]

1. d4 Nf6 2. c4 e6 3. Nc3 Bb4 4. Qc2 0-0 5. a3 Bxc3+ 6. Qxc3 b5 7. cxb5 c6 8. bxc6 Nxc6 9. Nf3 Ba6 10. e3 Ne4 11. Qc2 Bxf1 12. Kxf1 f5 13. g3 Qa5 14. Rb1 Qd5 15. Rg1 Rfc8 16. Qd1 Rab8 17. Bd2 Qa2 18. Kg2 Rxb2 19. Rxb2 Qxb2 20. Be1 Ne7 21. Ne5 Nd5 22. Qf3 d6 23. Nd3 Qxa3 24. Nf4 Nxf4+ 25. gxf4 Rc2 26. Kh1 Qa2 27. Qh5 Nf6 28. Qh4 Qd5+ 29. Rg2 Rc1 0-1

[Event "Nantes op 6th"]
[Site "Nantes"]
[Date "2007.12.29"]
[Round "6"]
[White "Jaulin, Philippe"]
[Black "Pourrahnama, Amir"]
[Result "1/2-1/2"]
[WhiteElo "2141"]
[BlackElo "1959"]
[PlyCount "44"]
[EventDate "2007.12.26"]
[EventType "swiss"]
[EventRounds "7"]
[EventCountry "FRA"]
[SourceTitle "CBM 122 Extra"]
[Source "ChessBase"]
[SourceDate "2008.03.04"]
[SourceVersion "1"]
[SourceVersionDate "2008.03.04"]
[SourceQuality "1"]

1. e4 d6 2. d4 g6 3. Nc3 Bg7 4. Be3 Nd7 5. Qd2 c6 6. Nf3 h6 7. h3 Qc7 8. Bd3 a6 9. Ne2 e5 10. c3 Ne7 11. Ng3 Nf8 12. Ng1 h5 13. dxe5 dxe5 14. h4 Be6 15. Qc2 c5 16. Be2 Nd7 17. Nf3 f6 18. b3 Rc8 19. 0-0 0-0 20. Rad1 b5 21. Qd2 Rfe8 22. Qd6 Nc6 1/2-1/2

[Event "Nantes op 6th"]
[Site "Nantes"]
[Date "2007.12.28"]
[Round "5"]
[White "Pourrahnama, Amir"]
[Black "Murie, Eric"]
[Result "1/2-1/2"]
[WhiteElo "1959"]
[BlackElo "2078"]
[PlyCount "111"]
[EventDate "2007.12.26"]
[EventType "swiss"]
[EventRounds "7"]
[EventCountry "FRA"]
[SourceTitle "CBM 122 Extra"]
[Source "ChessBase"]
[SourceDate "2008.03.04"]
[SourceVersion "1"]
[SourceVersionDate "2008.03.04"]
[SourceQuality "1"]

1. d4 e6 2. Nf3 f5 3. c4 Nf6 4. Nc3 b6 5. Qc2 Bb7 6. e3 Bb4 7. a3 Bxc3+ 8. Qxc3 0-0 9. Be2 d6 10. 0-0 Nbd7 11. b4 Ne4 12. Qe1 Rf6 13. Nd2 Rh6 14. f3 Nxd2 15. Bxd2 Rg6 16. Bd3 Rf6 17. Bc3 Rf8 18. Ra2 Qe7 19. Qb1 g6 20. Ba1 Rab8 21. Qe1 Rbd8 22. Qc3 Nf6 23. Raf2 Rd7 24. Bb1 Rdd8 25. Ba2 Rc8 26. Qd2 Rcd8 27. Qe1 Rc8 28. g3 Rcd8 29. h4 h6 30. Rh2 Rf7 31. Bb1 Rd7 32. Qd2 h5 33. Re2 Rg7 34. Rg2 Rd8 35. Qf2 Kh8 36. Qb2 Rf8 37. a4 g5 38. hxg5 Rxg5 39. d5 h4 40. gxh4 Rxg2+ 41. Kxg2 exd5 42. Qd4 Qe5 43. Qxe5 dxe5 44. Bxe5 dxc4 45. Bxf5 Kg7 46. Kf2 Kf7 47. Rg1 Rd8 48. Bxc7 Rd2+ 49. Ke1 Ra2 50. a5 bxa5 51. bxa5 Bxf3 52. Rg3 Bh5 53. e4 Re2+ 54. Kf1 Nxe4 55. Bg6+ Bxg6 56. Kxe2 1/2-1/2

[Event "Nantes op 6th"]
[Site "Nantes"]
[Date "2007.12.26"]
[Round "1"]
[White "Pourrahnama, Amir"]
[Black "Colin, Vincent"]
[Result "0-1"]
[WhiteElo "1959"]
[BlackElo "2399"]
[PlyCount "74"]
[EventDate "2007.12.26"]
[EventType "swiss"]
[EventRounds "7"]
[EventCountry "FRA"]
[SourceTitle "CBM 122 Extra"]
[Source "ChessBase"]
[SourceDate "2008.03.04"]
[SourceVersion "1"]
[SourceVersionDate "2008.03.04"]
[SourceQuality "1"]

1. d4 Nf6 2. c4 e6 3. Nc3 Bb4 4. Qc2 Nc6 5. e3 e5 6. d5 Ne7 7. a3 Bxc3+ 8. Qxc3 d6 9. f3 0-0 10. e4 Nh5 11. g4 Nf4 12. Ne2 Neg6 13. Be3 c6 14. dxc6 bxc6 15. 0-0-0 Ne6 16. Ng3 c5 17. Nf5 Nd4 18. Bxd4 cxd4 19. Qd2 Be6 20. h4 Rc8 21. h5 Bxc4 22. Bxc4 Rxc4+ 23. Kb1 Nf4 24. g5 d3 25. Ne3 Rc5 26. Qh2 Qb6 27. g6 fxg6 28. h6 Rb8 29. hxg7 h5 30. Rd2 Rc2 31. Rxc2 dxc2+ 32. Qxc2 Qxe3 33. Qc4+ Kh7 34. Qf7 Rg8 35. Rc1 Rxg7 36. Qe8 Rb7 37. Rc8 Qd3+ 0-1

[Event "Paris-ch opA"]
[Site "Paris"]
[Date "2004.07.04"]
[Round "2"]
[White "Pourrahnama, Amir"]
[Black "Jablonski, Noham"]
[Result "0-1"]
[WhiteElo "2037"]
[BlackElo "2249"]
[PlyCount "76"]
[EventDate "2004.07.03"]
[EventType "swiss"]
[EventRounds "9"]
[EventCountry "FRA"]
[SourceTitle "EXT 2005"]
[Source "ChessBase"]
[SourceDate "2004.11.15"]
[SourceVersion "1"]
[SourceVersionDate "2004.11.15"]
[SourceQuality "1"]

1. d4 d5 2. c4 e6 3. Nc3 Bb4 4. cxd5 exd5 5. e3 Nf6 6. a3 Bd6 7. Bd3 0-0 8. Nge2 c6 9. 0-0 Ng4 10. g3 Re8 11. e4 dxe4 12. Nxe4 Be7 13. f3 Nf6 14. Be3 Nd5 15. Bf2 Nd7 16. N2c3 Nf8 17. Qc2 Bh3 18. Rfe1 h5 19. Rad1 Ne6 20. Bf1 Bxf1 21. Kxf1 Qd7 22. Kg2 h4 23. Nc5 Bxc5 24. dxc5 Ng5 25. g4 Nf4+ 26. Kh1 Rxe1+ 27. Bxe1 Qe6 28. Bxh4 Nxf3 29. Bg3 Ng6 30. Qe4 Qxe4 31. Nxe4 Re8 32. Nd6 Re2 33. Nxb7 Rxb2 34. Nd8 Nge5 35. h3 Rc2 36. Nb7 Nc4 37. Rf1 Ncd2 38. Rd1 Ne4 0-1